Итоги Второй мировой войны (Запис № 307325)

МАРК-запис
000 -Лідер
fixed length control field 00654nam a22002297a 4500
001 - Контрольний номер
control field 21132
003 - Ідентифікатор контрольного номера
control field UA-OsUOA
005 - Дата та час останнього входження (трансакції)
control field 20220626231516.0
007 - Фіксоване поле фізичного опису
fixed length control field ta
008 - Елементи даних фіксованої довжини – загальна інформація
fixed length control field 20031119b un ||||| |||| 00| 0 ukr d
040 ## - Джерело каталогізації
Агенція оригінальної каталогізації UA-OsUOA
Мова каталогізації rus
Агенція, яка здійснювала перезапис UA-OsUOA
Агенція, яка здійснювала модифікацію UA-OsUOA
041 ## - Код мови
Код мови тексту/ звукової доріжки чи окремого заголовка (П) rus
044 ## - Код країни видавця/ виробника
Код країни видавця/ виробника (П) RU
080 ## - Індекс Універсальної десяткової класифікації
Індекс Універсальної десяткової класифікації (УДК) (НП) 94(100)"1939/1945"
090 ## - Локальний шифр розміщення
Класифікаційний індекс УДК 94(100)"1939/1945"
Авторський знак (НП) И92
245 ## - Відомості про назву
Назва (НП) Итоги Второй мировой войны
Решта назви (НП) сборник статей
Дані про відповідальність (НП) И. Н. Соболева
260 ## - Публікація, розповсюдження і т.п. (Вихідні дані)
Місце публікації, розповсюдження і т.п. (П) Москва
Ім’я/ наймення видавництва, розповсюджувача і т.п. (П) Изд-во иностранной литературы
Дата публікації, розповсюдження і т.п. (П) 1957
300 ## - Фізичний опис
Обсяг 640 с.
650 #7 - Додаткове предметне введення – тематичний термін
Джерело заголовка чи терміна UDC
942 ## - Додаткові елементи входу (Коха)
Тип елемента Koha Книги
Source of classification or shelving scheme Universal Decimal Classification
955 ## - Код типу видання за змістом
Код типу видання за змістом (НП) інше
Фонди
Стан вилучень Стан втрат Джерело класифікації або схеми стелажів Стан уражень Не для кредиту Постійне місце розташування Поточне розміщення Дата придбання Інвентарний номер Усього замовленно Штрих-код Дата останнього перегляду Ціна ефективна від Тип елемента Koha
    Universal Decimal Classification     АБ - Абонемент НБ АБ - Абонемент НБ 19/11/2003 56745   56745 26/01/2022 19/11/2003 Книги